00438nam a22001337a 4500003000200000005001700002008004100019050002400060100002100084245008000105260007400185300002300259500002200282020231107100056.0230701b xxu||||| |||| 00| 0 eng d aPN 1969b.On58 2022 aOng, Erwin James aCompassion satisfaction and resilience of drag performerscOng, Erwin James aLas Piñas CitybSouthville International School and Collegescc2022 ax, 192pp. c28cm.  aDrag performers.